Online
Catalog

Andalucía y América en el siglo XVII : (Record no. 5048)

MARC details
000 -CABECERA
campo de control de longitud fija 01194nam a2200253 a 4500
001 - NÚMERO DE CONTROL
campo de control 000005247
003 - IDENTIFICADOR DEL NÚMERO DE CONTROL
campo de control OSt
005 - FECHA Y HORA DE LA ÚLTIMA TRANSACCIÓN
campo de control 20200929151624.0
008 - DATOS DE LONGITUD FIJA--INFORMACIÓN GENERAL
campo de control de longitud fija 090818s1985 es a 001 0 spa d
020 ## - NÚMERO INTERNACIONAL ESTÁNDAR DEL LIBRO
Número Internacional Estándar del Libro 8400059344
040 ## - FUENTE DE LA CATALOGACIÓN
Centro catalogador/agencia de origen DO-SdBNP
Lengua de catalogación spa
Centro/agencia transcriptor BNPHU
082 ## - NÚMERO DE LA CLASIFICACIÓN DECIMAL DEWEY
Número de clasificación xxxxx
Número de documento/Ítem A543a
111 1# - ENTRADA PRINCIPAL--NOMBRE DE CONGRESO/REUNIÓN
Nombre de congreso/reunión o jurisdicción como elemento de entrada Jornadas de Andalucía y América
Sede del congreso/Lugar de la reunión Universidad de Santa María de la Rábida
Número del congreso/reunión o número de parte o sección (3 : 1983 marzo )
9 (RLIN) 14973
245 10 - MENCIÓN DE TÍTULO
Título Andalucía y América en el siglo XVII :
Resto del título actas de las III Jornadas de Andalucía y América (Universidad de Santa María de la Rábida) /
Mención de responsabilidad, etc. edición Bibiano Torres Ramírez, José Hernández Palomo.
260 ## - PUBLICACIÓN, DISTRIBUCIÓN, ETC.
Lugar de publicación, distribución, etc. Sevilla, España :
Nombre del editor, distribuidor, etc. Escuela de Estudios Hispano-Americanos,
Fecha de publicación, distribución, etc. 1985.
300 ## - DESCRIPCIÓN FÍSICA
Extensión 411 p. :
Otras características físicas il. ;
Dimensiones 25 cm.
490 1# - MENCIÓN DE SERIE
Mención de serie Publicaciones de la Escuela de Estudios Hispano-Americanos de Sevilla 308
Designación de volumen o secuencia 308
500 ## - NOTA GENERAL
Nota general Publicación conmemorativa del V centenario.
504 ## - NOTA DE BIBLIOGRAFÍA, ETC.
Nota de bibliografía, etc. Incluye notas y referencias bibliográficas al pie de las páginas
700 1# - PUNTO DE ACCESO ADICIONAL--NOMBRE DE PERSONA
Nombre de persona Torres Ramírez, Bibiano,
Término indicativo de función/relación ed.
9 (RLIN) 14974
700 1# - PUNTO DE ACCESO ADICIONAL--NOMBRE DE PERSONA
Nombre de persona Hernández Palomo, José,
Término indicativo de función/relación ed.
9 (RLIN) 14975
830 #0 - PUNTO DE ACCESO ADICIONAL DE SERIE-TÍTULO UNIFORME
Título uniforme Publicaciones de la Escuela de Estudios Hispano-Americanos de Sevilla.
Número de parte o sección de la obra 308
9 (RLIN) 14976
942 ## - ELEMENTOS DE PUNTO DE ACCESO ADICIONAL (KOHA)
Fuente del sistema de clasificación o colocación Dewey Decimal Classification
Tipo de ítem Koha Libros y folletos
Holdings
Estado de retiro Estado de pérdida Restricciones de uso No para préstamo Código de colección Localización permanente Ubicación/localización actual Ubicación en estantería Fecha de adquisición Número de inventario Total de préstamos Signatura topográfica completa Código de barras Fecha visto por última vez Precio válido a partir de Tipo de ítem Koha
        Monografías: Libros y Folletos General General Depósito 18.08.2009 LF1   xxxxx A543a 5247-10 25.06.2020 25.06.2020 Préstamo en sala

Powered by Koha